[Event "Mittelfrank Regionalliga Nord-West 2223"]
[Site "Mittelfranken"]
[Date "2023.03.05"]
[Round "7.5"]
[White "Deissenberger, Thomas"]
[Black "Sieber, Heiko"]
[Result "0-1"]
[WhiteElo "1869"]
[BlackElo "1954"]
[PlyCount "92"]
[EventDate "2022.10.09"]
[EventType "team-tourn"]
[EventRounds "9"]
[EventCountry "GER"]
[SourceTitle "EXT 2024"]
[Source "ChessBase"]
[SourceDate "2023.10.10"]
[SourceVersion "1"]
[SourceVersionDate "2023.10.10"]
[SourceQuality "1"]
[WhiteTeam "Stetten"]
[BlackTeam "Hof PTSV"]
[WhiteTeamCountry "GER"]
[BlackTeamCountry "GER"]

1. e4 e5 2. Nf3 Nf6 3. Nxe5 d6 4. Nf3 Nxe4 5. d3 Nf6 6. d4 d5 7. Bd3 Bd6 8. 0-0 0-0 9. Re1 Bg4 10. Bg5 h6 11. Bh4 g5 12. Bg3 Bxg3 13. hxg3 Nc6 14. c3 Qd6 15. Nbd2 Rfe8 16. Qc2 b6 17. Bb5 Re6 18. Rxe6 Bxe6 19. Re1 Nb8 20. Ne5 c6 21. Bd3 c5 22. Bf5 cxd4 23. Bxe6 Qxe6 24. Nef3 Qd7 25. Nxd4 Nc6 26. Qf5 Qxf5 27. Nxf5 Kh7 28. f3 Kg6 29. Ne7+ Nxe7 30. Rxe7 Re8 31. Rxe8 Nxe8 32. Kf2 Nd6 33. g4 f5 34. gxf5+ Kxf5 35. Ke3 h5 36. b3 Ke5 37. Nf1 Nf5+ 38. Kd3 Kf4 39. Ke2 Ng3+ 40. Nxg3 Kxg3 41. Kf1 b5 42. b4 h4 43. Kg1 h3 44. gxh3 Kxf3 45. Kh2 Kf2 46. h4 g4 0-1

[Event "Mittelfrank Regionalliga Nord-West 2223"]
[Site "Mittelfranken"]
[Date "2023.02.05"]
[Round "6.5"]
[White "Oechslein, Rainer"]
[Black "Deissenberger, Thomas"]
[Result "1-0"]
[WhiteElo "1999"]
[BlackElo "1869"]
[PlyCount "81"]
[EventDate "2022.10.09"]
[EventType "team-tourn"]
[EventRounds "9"]
[EventCountry "GER"]
[SourceTitle "EXT 2024"]
[Source "ChessBase"]
[SourceDate "2023.10.10"]
[SourceVersion "1"]
[SourceVersionDate "2023.10.10"]
[SourceQuality "1"]
[WhiteTeam "Schweinfurt"]
[BlackTeam "Stetten"]
[WhiteTeamCountry "GER"]
[BlackTeamCountry "GER"]

1. e4 c5 2. Nf3 d6 3. d4 cxd4 4. Nxd4 Nf6 5. f3 e5 6. Nb3 Be7 7. c4 Be6 8. Nc3 0-0 9. Be3 a6 10. Qd2 Nbd7 11. Nd5 Bxd5 12. cxd5 b6 13. Be2 Nc5 14. 0-0 Nfd7 15. Nxc5 bxc5 16. b4 a5 17. bxa5 Qxa5 18. a4 Rfb8 19. Qxa5 Rxa5 20. Rfb1 Bd8 21. Rxb8 Nxb8 22. Rb1 Nd7 23. Rb7 Nb6 24. Rb8 Ra8 25. Rxa8 Nxa8 26. Bd2 Bb6 27. Kf1 Kf8 28. Ke1 Ke7 29. Kd1 Kd8 30. Kc2 Nc7 31. Kb3 Kc8 32. a5 Ba7 33. Ka4 Kb7 34. Bb5 Na6 35. Bc6+ Kb8 36. h4 f6 37. g4 Kc8 38. g5 Kd8 39. h5 Nc7 40. h6 gxh6 41. gxf6 1-0

[Event "Mittelfrank Regionalliga Nord-West 2223"]
[Site "Mittelfranken"]
[Date "2022.10.23"]
[Round "2.5"]
[White "Deissenberger, Thomas"]
[Black "Kuespert, Helmut"]
[Result "0-1"]
[WhiteElo "1869"]
[BlackElo "1887"]
[PlyCount "70"]
[EventDate "2022.10.09"]
[EventType "team-tourn"]
[EventRounds "9"]
[EventCountry "GER"]
[SourceTitle "EXT 2024"]
[Source "ChessBase"]
[SourceDate "2023.10.10"]
[SourceVersion "1"]
[SourceVersionDate "2023.10.10"]
[SourceQuality "1"]
[WhiteTeam "Stetten"]
[BlackTeam "Marktleuthen"]
[WhiteTeamCountry "GER"]
[BlackTeamCountry "GER"]

1. e4 c5 2. Nf3 e6 3. c3 b6 4. d4 Bb7 5. Bd3 c4 6. Bc2 Qc7 7. 0-0 Be7 8. Re1 d6 9. Bf4 Nf6 10. h3 Nbd7 11. Nbd2 0-0 12. Qe2 b5 13. a4 a6 14. Nf1 Rfe8 15. Qd2 Bf8 16. Ng3 h6 17. Reb1 e5 18. dxe5 dxe5 19. Be3 Rad8 20. Qe1 Nc5 21. Bxc5 Bxc5 22. axb5 axb5 23. b4 Bb6 24. Rd1 g6 25. Rxd8 Rxd8 26. Rd1 Rxd1 27. Qxd1 Kg7 28. Kf1 Nd7 29. Ng1 f6 30. Qg4 Kf7 31. N1e2 Qd6 32. Ke1 Nf8 33. Nf1 Ne6 34. f4 h5 35. fxe5 Bf2+ 0-1

[Event "Arco op 41st"]
[Site "Arco"]
[Date "2019.10.10"]
[Round "7"]
[White "Deissenberger, Thomas"]
[Black "Prosperi, Agostino"]
[Result "1/2-1/2"]
[WhiteElo "1966"]
[BlackElo "1819"]
[PlyCount "107"]
[EventDate "2019.10.04"]
[EventType "swiss"]
[EventRounds "9"]
[EventCountry "ITA"]
[SourceTitle "EXT 2020"]
[Source "ChessBase"]
[SourceDate "2019.10.17"]
[SourceVersion "1"]
[SourceVersionDate "2019.10.17"]
[SourceQuality "1"]

1. e4 e5 2. Nf3 Nc6 3. Bb5 d6 4. 0-0 Nf6 5. Re1 Bd7 6. c3 Be7 7. h3 0-0 8. d4 a6 9. Ba4 b5 10. Bb3 Rb8 11. Nbd2 Ne8 12. Nf1 Bf6 13. Ng3 g6 14. Bh6 Ng7 15. a3 Na5 16. Ba2 Re8 17. Qd3 Be6 18. d5 Bd7 19. b4 Nb7 20. c4 c5 21. dxc6 Bxc6 22. Rac1 Ne6 23. Be3 Rc8 24. Red1 Qe7 25. cxb5 Bxb5 26. Bc4 Qd7 27. Bxb5 Qxb5 28. Qb3 Kg7 29. Rc3 Qd7 30. Rdc1 Nd4 31. Qd1 Nxf3+ 32. Qxf3 Rxc3 33. Rxc3 d5 34. exd5 e4 35. Bh6+ Kxh6 36. Qxf6 Qxd5 37. Re3 Nd6 38. Kh2 Nf5 39. Nxf5+ Qxf5 40. Qxf5 gxf5 41. Kg3 Kg5 42. h4+ Kf6 43. f3 Ke5 44. Kf2 Kd4 45. g4 fxg4 46. fxg4 f5 47. gxf5 Rf8 48. Rg3 Rxf5+ 49. Ke2 Rh5 50. Rg4 Rb5 51. Rg7 a5 52. Rxh7 axb4 53. axb4 Rxb4 54. Rd7+ 1/2-1/2

[Event "Arco op 41st"]
[Site "Arco"]
[Date "2019.10.07"]
[Round "4"]
[White "Palczert, Miklos"]
[Black "Deissenberger, Thomas"]
[Result "1/2-1/2"]
[WhiteElo "1749"]
[BlackElo "1966"]
[PlyCount "43"]
[EventDate "2019.10.04"]
[EventType "swiss"]
[EventRounds "9"]
[EventCountry "ITA"]
[SourceTitle "EXT 2020"]
[Source "ChessBase"]
[SourceDate "2019.10.17"]
[SourceVersion "1"]
[SourceVersionDate "2019.10.17"]
[SourceQuality "1"]

1. e4 d6 2. d4 Nf6 3. Nc3 g6 4. Bc4 Bg7 5. Nf3 0-0 6. Bg5 c6 7. Qd2 b5 8. Bd3 b4 9. Ne2 a5 10. Bh6 Qc7 11. h4 Bxh6 12. Qxh6 Ng4 13. Qd2 h5 14. Nf4 Nf6 15. e5 dxe5 16. Nxe5 Ng4 17. Nxg4 Bxg4 18. f3 e5 19. Nxg6 fxg6 20. fxg4 exd4 21. 0-0-0 Qf4 22. gxh5 1/2-1/2

[Event "Regionalliga Nord-West 1819"]
[Site "Bayern"]
[Date "2019.02.24"]
[Round "7.6"]
[White "Deissenberger, Thomas"]
[Black "Kolb, Tobias"]
[Result "1/2-1/2"]
[WhiteElo "1879"]
[BlackElo "1948"]
[PlyCount "81"]
[EventDate "2018.10.21"]
[EventType "team-tourn"]
[EventRounds "9"]
[EventCountry "GER"]
[SourceTitle "EXT 2022"]
[Source "ChessBase"]
[SourceDate "2021.10.06"]
[SourceVersion "1"]
[SourceVersionDate "2021.10.06"]
[SourceQuality "1"]
[WhiteTeam "Stetten"]
[BlackTeam "Seubelsdorf"]
[WhiteTeamCountry "GER"]
[BlackTeamCountry "GER"]

1. e4 c6 2. d4 d5 3. Nc3 dxe4 4. Nxe4 Bf5 5. Ng3 Bg6 6. Nf3 Nd7 7. Bd3 Ngf6 8. 0-0 e6 9. Re1 Bd6 10. c3 Qc7 11. a4 a5 12. Qc2 Bxd3 13. Qxd3 0-0 14. Ne4 Nxe4 15. Qxe4 b5 16. Bg5 Nb6 17. axb5 cxb5 18. Qg4 Rfc8 19. Bf6 Bf8 20. Be5 Qb7 21. h4 Nc4 22. Re2 b4 23. cxb4 Qxb4 24. h5 h6 25. Bf4 Kh8 26. Ne5 Ra7 27. Qf3 Nxe5 28. Bxe5 Rd7 29. Rd1 f6 30. Bxf6 gxf6 31. Qxf6+ Bg7 32. Qxe6 Rcd8 33. d5 a4 34. g3 Rd6 35. Qf7 Qb3 36. Re8+ Rxe8 37. Qxe8+ Kh7 38. Qe4+ Kg8 39. Qe8+ Kh7 40. Qe4+ Kg8 41. Qe8+ 1/2-1/2

[Event "Regionalliga Nord-West 1819"]
[Site "Bayern"]
[Date "2018.10.21"]
[Round "1.6"]
[White "Deissenberger, Thomas"]
[Black "Lenhardt, Stefan"]
[Result "1/2-1/2"]
[WhiteElo "1879"]
[BlackElo "1857"]
[PlyCount "52"]
[EventDate "2018.10.21"]
[EventType "team-tourn"]
[EventRounds "9"]
[EventCountry "GER"]
[SourceTitle "EXT 2022"]
[Source "ChessBase"]
[SourceDate "2021.10.06"]
[SourceVersion "1"]
[SourceVersionDate "2021.10.06"]
[SourceQuality "1"]
[WhiteTeam "Stetten"]
[BlackTeam "Bamberg SC II"]
[WhiteTeamCountry "GER"]
[BlackTeamCountry "GER"]

1. e4 e5 2. Nf3 Nc6 3. Bb5 Bc5 4. 0-0 Nd4 5. Nxd4 Bxd4 6. c3 Bb6 7. d4 c6 8. Ba4 d6 9. dxe5 dxe5 10. Qxd8+ Bxd8 11. Be3 Nf6 12. f3 Be6 13. Nd2 Nd7 14. Bb3 Bxb3 15. Nxb3 Bc7 16. Rfd1 0-0-0 17. Kf2 Bb6 18. Bxb6 Nxb6 19. Na5 Kc7 20. b3 f6 21. Ke2 Nd7 22. Nc4 Nc5 23. Nb2 Ne6 24. g3 b5 25. Rxd8 Rxd8 26. Rd1 Rxd1 1/2-1/2

[Event "Regionalliga Nord-West 1718"]
[Site "Bayern"]
[Date "2018.04.15"]
[Round "9.7"]
[White "Schmitt, Guenter"]
[Black "Deissenberger, Thomas"]
[Result "1-0"]
[WhiteElo "1966"]
[BlackElo "1887"]
[PlyCount "73"]
[EventDate "2017.10.22"]
[EventType "team-tourn"]
[EventRounds "9"]
[EventCountry "GER"]
[SourceTitle "EXT 2022"]
[Source "ChessBase"]
[SourceDate "2021.10.06"]
[SourceVersion "1"]
[SourceVersionDate "2021.10.06"]
[SourceQuality "1"]
[WhiteTeam "Rottendorf"]
[BlackTeam "Stetten"]
[WhiteTeamCountry "GER"]
[BlackTeamCountry "GER"]

1. c4 Nf6 2. Nf3 d6 3. d4 g6 4. Nc3 Bg7 5. e4 0-0 6. h3 c6 7. Be3 Nbd7 8. Be2 Qc7 9. g4 e5 10. d5 cxd5 11. cxd5 a6 12. Nd2 b5 13. a3 Nc5 14. Rc1 Qe7 15. b4 Ncd7 16. h4 Bb7 17. g5 Ne8 18. h5 f5 19. gxf6 Ndxf6 20. hxg6 hxg6 21. Rg1 Kf7 22. Nf3 Rh8 23. Ng5+ Kg8 24. Ne6 Bc8 25. Bg4 Nc7 26. Bg5 Nxe6 27. dxe6 Bxe6 28. Nd5 Bxd5 29. Bxf6 Bxf6 30. Qxd5+ Kg7 31. Bf5 g5 32. Rc6 Ra7 33. Ke2 Rh2 34. Rxd6 Rc7 35. Rd7 Rxd7 36. Qxd7 Qxd7 37. Bxd7 1-0

[Event "Regionalliga Nord-West 1718"]
[Site "Bayern"]
[Date "2018.02.04"]
[Round "6.5"]
[White "Deissenberger, Thomas"]
[Black "Moenius, Alexander"]
[Result "1/2-1/2"]
[WhiteElo "1887"]
[BlackElo "1899"]
[PlyCount "97"]
[EventDate "2017.10.22"]
[EventType "team-tourn"]
[EventRounds "9"]
[EventCountry "GER"]
[SourceTitle "EXT 2022"]
[Source "ChessBase"]
[SourceDate "2021.10.06"]
[SourceVersion "1"]
[SourceVersionDate "2021.10.06"]
[SourceQuality "1"]
[WhiteTeam "Stetten"]
[BlackTeam "Hoechstadt/Aisch"]
[WhiteTeamCountry "GER"]
[BlackTeamCountry "GER"]

1. e4 c5 2. Nf3 e6 3. c3 Nf6 4. e5 Nd5 5. d4 cxd4 6. cxd4 d6 7. Bb5+ Bd7 8. Bxd7+ Nxd7 9. 0-0 dxe5 10. dxe5 Be7 11. Nbd2 0-0 12. a3 Qa5 13. Ne4 Rad8 14. Qe2 Qa4 15. Bd2 Qa6 16. Qxa6 bxa6 17. Rac1 Rc8 18. b4 a5 19. bxa5 Bxa3 20. Rb1 Rb8 21. Nc3 Nxc3 22. Bxc3 Rfc8 23. Bd4 Bc5 24. Rxb8 Rxb8 25. Bxc5 Nxc5 26. Nd4 Nd3 27. f4 g6 28. g3 a6 29. Rd1 Nc5 30. Rc1 Nd3 31. Rc6 Rb1+ 32. Kg2 Rb4 33. Rc8+ Kg7 34. Rd8 Nc5 35. Nc6 Rb5 36. Ra8 Rb3 37. Ra7 Rb7 38. Rxb7 Nxb7 39. Kf3 Kf8 40. Ke3 Ke8 41. Kd4 Kd7 42. Nb8+ Kc8 43. Nxa6 Nxa5 44. Kc5 Nb3+ 45. Kd6 Kd8 46. Nc5 Nd2 47. h4 Ke8 48. Kc7 Ke7 49. Kc6 1/2-1/2

[Event "Regionalliga Nord-West 1718"]
[Site "Bayern"]
[Date "2017.11.12"]
[Round "2.6"]
[White "Deissenberger, Thomas"]
[Black "Nuernberger, Stefan"]
[Result "0-1"]
[WhiteElo "1887"]
[BlackElo "1980"]
[PlyCount "82"]
[EventDate "2017.10.22"]
[EventType "team-tourn"]
[EventRounds "9"]
[EventCountry "GER"]
[SourceTitle "EXT 2022"]
[Source "ChessBase"]
[SourceDate "2021.10.06"]
[SourceVersion "1"]
[SourceVersionDate "2021.10.06"]
[SourceQuality "1"]
[WhiteTeam "Stetten"]
[BlackTeam "Marktleuthen"]
[WhiteTeamCountry "GER"]
[BlackTeamCountry "GER"]

1. e4 d6 2. d4 Nf6 3. Nc3 g6 4. f3 c6 5. Be3 b5 6. a3 Qc7 7. Qd2 Nbd7 8. Nge2 Nb6 9. Ng3 a6 10. Be2 Be6 11. b3 h5 12. e5 dxe5 13. dxe5 Rd8 14. Bxb6 Qxb6 15. Bd3 Bh6 16. f4 Ng4 17. Nge4 Nxe5 18. Qf2 Nxd3+ 19. cxd3 Qxf2+ 20. Kxf2 Bxf4 21. Nc5 Bc8 22. Rad1 Be5 23. Ne2 0-0 24. d4 Bf6 25. Rhe1 a5 26. b4 axb4 27. axb4 Bg4 28. Nb3 Ra8 29. Na5 Rac8 30. h3 Be6 31. Nf4 Bd5 32. Re2 Rfd8 33. Rc2 Be4 34. Rcd2 Bg5 35. Ke3 Bf5 36. Rc1 e5 37. g3 exf4+ 38. gxf4 Re8+ 39. Kf3 Bf6 40. Nb7 Be4+ 41. Kg3 Be7 0-1

[Event "Arco op-A 39th"]
[Site "Arco"]
[Date "2017.10.10"]
[Round "4"]
[White "Deissenberger, Thomas"]
[Black "Wurm, Alexander"]
[Result "1/2-1/2"]
[WhiteElo "2032"]
[BlackElo "2156"]
[PlyCount "37"]
[EventDate "2017.10.07"]
[EventType "swiss"]
[EventRounds "9"]
[EventCountry "ITA"]
[SourceTitle "CBM 181 Extra"]
[Source "ChessBase"]
[SourceDate "2017.12.12"]
[SourceVersion "1"]
[SourceVersionDate "2017.12.12"]
[SourceQuality "1"]

1. d4 d5 2. c4 e5 3. dxe5 d4 4. Nf3 Nc6 5. Bf4 Nge7 6. Nbd2 Ng6 7. Bg3 Bf5 8. a3 Qe7 9. Qb3 0-0-0 10. e4 Ngxe5 11. Nxe5 Nxe5 12. Qb4 c5 13. Qa4 Bxe4 14. Nxe4 f5 15. Qxa7 fxe4 16. Qa8+ Kc7 17. Qa5+ Kc8 18. Qa8+ Kc7 19. Qa5+ 1/2-1/2

[Event "Arco op-A 39th"]
[Site "Arco"]
[Date "2017.10.09"]
[Round "3"]
[White "Del Nevo, Claudio"]
[Black "Deissenberger, Thomas"]
[Result "0-1"]
[WhiteElo "1787"]
[BlackElo "2032"]
[PlyCount "54"]
[EventDate "2017.10.07"]
[EventType "swiss"]
[EventRounds "9"]
[EventCountry "ITA"]
[SourceTitle "CBM 181 Extra"]
[Source "ChessBase"]
[SourceDate "2017.12.12"]
[SourceVersion "1"]
[SourceVersionDate "2017.12.12"]
[SourceQuality "1"]

1. d4 d5 2. Nf3 Nf6 3. Bg5 e6 4. e3 Be7 5. Bxf6 Bxf6 6. c3 Nd7 7. Bd3 0-0 8. Qc2 g6 9. h4 c5 10. h5 Kg7 11. hxg6 hxg6 12. Nbd2 c4 13. Be2 b5 14. e4 Bb7 15. e5 Be7 16. g3 Qb6 17. Nh4 Rh8 18. 0-0-0 b4 19. cxb4 Qxb4 20. Qc3 Qxc3+ 21. bxc3 Bc6 22. Ndf3 Rab8 23. Kd2 Rb2+ 24. Ke3 Rhb8 25. Rd2 Rxd2 26. Nxd2 Rb2 27. Rc1 Nxe5 0-1

[Event "Arco op-A 39th"]
[Site "Arco"]
[Date "2017.10.08"]
[Round "2"]
[White "Deissenberger, Thomas"]
[Black "Ruecker, Benjamin"]
[Result "0-1"]
[WhiteElo "2032"]
[BlackElo "2261"]
[PlyCount "66"]
[EventDate "2017.10.07"]
[EventType "swiss"]
[EventRounds "9"]
[EventCountry "ITA"]
[SourceTitle "CBM 181 Extra"]
[Source "ChessBase"]
[SourceDate "2017.12.12"]
[SourceVersion "1"]
[SourceVersionDate "2017.12.12"]
[SourceQuality "1"]

1. e4 g6 2. d4 Bg7 3. Nc3 c6 4. Nf3 d6 5. Be3 Nf6 6. h3 Qa5 7. Nd2 Nbd7 8. Be2 0-0 9. 0-0 b5 10. a3 Bb7 11. Nb3 Qc7 12. f4 a6 13. Bf3 Rad8 14. Qe2 e5 15. Rad1 exd4 16. Nxd4 Rfe8 17. g4 Nc5 18. Qg2 Nfxe4 19. Nxe4 Nxe4 20. Bxe4 d5 21. Bxg6 hxg6 22. Qf2 c5 23. Nf3 d4 24. Bc1 Qc6 25. Kg2 c4 26. Kg3 d3 27. cxd3 Rxd3 28. Rxd3 cxd3 29. Ne5 Qd5 30. Qf3 Rxe5 31. fxe5 Bxe5+ 32. Bf4 Qxf3+ 33. Rxf3 Bxf3 0-1

[Event "Regionalliga NW 1213"]
[Site "Bayern"]
[Date "2013.04.14"]
[Round "9.3"]
[White "Pfadenhauer, Johannes"]
[Black "Deissenberger, Thomas"]
[Result "1-0"]
[WhiteElo "2057"]
[BlackElo "1967"]
[PlyCount "109"]
[EventDate "2012.10.14"]
[EventType "team-tourn"]
[EventRounds "9"]
[EventCountry "GER"]
[SourceTitle "EXT 2015"]
[Source "ChessBase"]
[SourceDate "2014.11.20"]
[SourceVersion "1"]
[SourceVersionDate "2014.11.20"]
[SourceQuality "1"]
[WhiteTeam "Kronach"]
[BlackTeam "Stetten"]
[WhiteTeamCountry "GER"]
[BlackTeamCountry "GER"]

1. d4 Nf6 2. Bg5 e6 3. e4 Be7 4. Nd2 d6 5. Bd3 Nbd7 6. Ngf3 c5 7. c3 cxd4 8. cxd4 h6 9. Bxf6 Nxf6 10. 0-0 0-0 11. Qe2 d5 12. e5 Nh7 13. Rac1 Bd7 14. Nb1 Rc8 15. Rxc8 Qxc8 16. Nc3 g6 17. Qe3 Kg7 18. Rc1 Qb8 19. g4 Rc8 20. h4 b5 21. h5 g5 22. Re1 b4 23. Ne2 Bb5 24. Bb1 a5 25. Nc1 a4 26. Nd3 Qb6 27. Rc1 Rxc1+ 28. Qxc1 Bc4 29. Nc5 Bxc5 30. dxc5 Qc6 31. b3 axb3 32. axb3 Ba6 33. Nd4 Qc7 34. Qe3 Nf8 35. c6 Qa5 36. Bd3 Bxd3 37. Qxd3 Qc5 38. Qc2 Qxd4 39. c7 Qxg4+ 40. Kf1 Qh3+ 41. Ke1 Qxh5 42. c8Q g4 43. Qd8 Qxe5+ 44. Qe2 Qa1+ 45. Qd1 Qe5+ 46. Kf1 h5 47. Qd2 Ng6 48. Q2g5 Qc3 49. Qb6 Qa1+ 50. Kg2 Qd1 51. Qbe3 h4 52. Qee5+ Kh7 53. Qef6 h3+ 54. Kh2 g3+ 55. Qxg3 1-0

[Event "Regionalliga NW 1213"]
[Site "Bayern"]
[Date "2013.03.17"]
[Round "8.2"]
[White "Gehlert, Klaus"]
[Black "Deissenberger, Thomas"]
[Result "1/2-1/2"]
[WhiteElo "2004"]
[BlackElo "1967"]
[PlyCount "95"]
[EventDate "2012.10.14"]
[EventType "team-tourn"]
[EventRounds "9"]
[EventCountry "GER"]
[SourceTitle "EXT 2015"]
[Source "ChessBase"]
[SourceDate "2014.11.20"]
[SourceVersion "1"]
[SourceVersionDate "2014.11.20"]
[SourceQuality "1"]
[WhiteTeam "Wuerzburg II"]
[BlackTeam "Stetten"]
[WhiteTeamCountry "GER"]
[BlackTeamCountry "GER"]

1. d4 Nf6 2. c4 d6 3. Nf3 g6 4. g3 Bg7 5. Bg2 0-0 6. 0-0 Na6 7. Nc3 c5 8. h3 Bd7 9. b3 Qc8 10. Kh2 cxd4 11. Nxd4 Nb4 12. Bb2 Rb8 13. Rc1 Qc5 14. a3 Na6 15. Nd5 Nxd5 16. cxd5 Qb6 17. b4 Rbc8 18. Qd2 Rxc1 19. Rxc1 Rc8 20. e3 Rxc1 21. Qxc1 Qc7 22. Nb3 Bxb2 23. Qxb2 b6 24. Nd4 e5 25. Nc6 b5 26. f4 f6 27. Qc1 Kg7 28. Qf1 Qb6 29. Qd3 Bf5 30. Qc3 Bd7 31. g4 h6 32. fxe5 fxe5 33. Be4 Nc7 34. Qd3 Be8 35. Nd8 Kf6 36. Nc6 Bf7 37. Nd8 Be8 38. Nc6 Bf7 39. h4 Be8 40. Qf1+ Kg7 41. Qf3 Bxc6 42. dxc6 d5 43. Bxd5 Nxd5 44. Qxd5 Qxe3 45. Qd7+ Kf8 46. Qd6+ Kf7 47. Qd5+ Ke7 48. Qd7+ 1/2-1/2

[Event "Regionalliga NW 1213"]
[Site "Bayern"]
[Date "2013.02.03"]
[Round "6.2"]
[White "Urytskyy, Arkadiy"]
[Black "Deissenberger, Thomas"]
[Result "0-1"]
[WhiteElo "2053"]
[BlackElo "1967"]
[PlyCount "78"]
[EventDate "2012.10.14"]
[EventType "team-tourn"]
[EventRounds "9"]
[EventCountry "GER"]
[SourceTitle "EXT 2015"]
[Source "ChessBase"]
[SourceDate "2014.11.20"]
[SourceVersion "1"]
[SourceVersionDate "2014.11.20"]
[SourceQuality "1"]
[WhiteTeam "Kirchenlaibach"]
[BlackTeam "Stetten"]
[WhiteTeamCountry "GER"]
[BlackTeamCountry "GER"]

1. Nf3 d5 2. g3 Nf6 3. c4 e6 4. Bg2 Be7 5. 0-0 0-0 6. b3 b6 7. Bb2 Bb7 8. cxd5 exd5 9. d3 Nbd7 10. Nbd2 c5 11. Nh4 Re8 12. Re1 Bf8 13. Rc1 Rb8 14. d4 Ne4 15. Nxe4 dxe4 16. Bh3 g6 17. dxc5 Nxc5 18. Qc2 Bg7 19. Bxg7 Kxg7 20. b4 Ne6 21. Qc3+ Qf6 22. Bxe6 Qxc3 23. Rxc3 Rxe6 24. Rc7 Kf6 25. Rd1 Re7 26. Rd6+ Re6 27. Rdd7 Ba6 28. Rxf7+ Ke5 29. Ng2 g5 30. Ne3 Bxe2 31. Rxh7 a6 32. Rhf7 Rd8 33. Rf5+ Kd6 34. Rc1 Rg8 35. Rd5+ Ke7 36. Rc7+ Kf6 37. Nc2 Bg4 38. Kf1 Rh8 39. Ne3 Bf3 0-1

[Event "Regionalliga NW 1213"]
[Site "Bayern"]
[Date "2013.01.13"]
[Round "5.3"]
[White "Koeniger, Matthias"]
[Black "Deissenberger, Thomas"]
[Result "1/2-1/2"]
[WhiteElo "2008"]
[BlackElo "1967"]
[PlyCount "55"]
[EventDate "2012.10.14"]
[EventType "team-tourn"]
[EventRounds "9"]
[EventCountry "GER"]
[SourceTitle "EXT 2015"]
[Source "ChessBase"]
[SourceDate "2014.11.20"]
[SourceVersion "1"]
[SourceVersionDate "2014.11.20"]
[SourceQuality "1"]
[WhiteTeam "Rottendorf"]
[BlackTeam "Stetten"]
[WhiteTeamCountry "GER"]
[BlackTeamCountry "GER"]

1. e4 d6 2. d4 Nf6 3. Nc3 g6 4. Nf3 Bg7 5. Be2 0-0 6. 0-0 c6 7. a4 a5 8. h3 Na6 9. Bxa6 Rxa6 10. d5 Qc7 11. Re1 Nd7 12. Nd4 Nc5 13. Be3 e5 14. dxe6 Nxe6 15. Qd2 Ra8 16. Rad1 Rd8 17. Nxe6 Bxe6 18. Bf4 Be5 19. Bxe5 dxe5 20. Qe3 Kg7 21. Qc5 Rac8 22. Qe3 b5 23. Qc5 b4 24. Ne2 f6 25. Ng3 Kf7 26. Nf1 Kg7 27. Ne3 Bf7 28. Kf1 1/2-1/2